| 000 | 00393nam a2200145 a 4500 | ||
|---|---|---|---|
| 005 | 20140412111322.0 | ||
| 008 | 010306s19uu xx 00 eng d | ||
| 050 |
_aER _bOn2 |
||
| 245 | _a1 2 3 : easy to learn board book. | ||
| 260 |
_aBridlington, England : _bPeter Haddock Ltd, _c[n.d.] |
||
| 300 | _a1 v. (unp.) ; board pages | ||
| 650 | _aCounting | ||
| 650 | _aNumbers | ||
| 999 |
_c104441 _d104441 |
||